| 000 | 01285cam a2200349 i 4500 | ||
|---|---|---|---|
| 001 | 19780844 | ||
| 003 | OSt | ||
| 005 | 20250610093410.0 | ||
| 008 | 170711s2017 ii b 001 0 eng | ||
| 010 | _a 2017325673 | ||
| 020 | _a9780143456797 | ||
| 025 | _aI-E-2017325673 | ||
| 037 | _bLibrary of Congress -- New Delhi Overseas Office | ||
| 040 |
_aDLC _beng _erda _cDLC _dDLC |
||
| 042 |
_alcode _apcc |
||
| 050 | 0 | 0 |
_aHD30.37 _b.V46 2017 |
| 082 |
_a338.064 _bVEN/D |
||
| 100 | 1 |
_aVenkatraman, Venkat _eauthor. _910533 |
|
| 245 | 1 | 4 |
_aThe digital matrix : _bnew rules for business transformation through technology / _cVenkat Venkatraman. |
| 264 | 1 |
_aNew Delhi, India : _bPortfolio/Penguin, _c2017. |
|
| 300 |
_a278 pages ; _c24 cm |
||
| 336 |
_atext _btxt _2rdacontent |
||
| 337 |
_aunmediated _bn _2rdamedia |
||
| 338 |
_avolume _bnc _2rdacarrier |
||
| 504 | _aIncludes bibliographical references (pages 246-269) and index. | ||
| 650 | 0 |
_aBusiness enterprises _xComputer networks. |
|
| 650 | 0 | _aElectronic commerce. | |
| 650 | 0 |
_aBusiness planning _xData processing. |
|
| 906 |
_a7 _bcbc _corigode _d3 _encip _f20 _gy-gencatlg |
||
| 942 |
_2ddc _cBK _h338.064 _iVEN/D _k338.064 _mVEN/D |
||
| 999 |
_c44462 _d44462 |
||